A origem da vida (Record no. 45384)
[ view plain ]
| 000 -Etiqueta do registo | |
|---|---|
| Valores | 00535cam a2200193 4500 |
| 100 ## - Dados gerais de processamento | |
| Dados gerais | 19900326d1945 m y0pory5003 ba |
| 101 0# - Língua de publicação | |
| Língua | por |
| 102 ## - País de publicação | |
| País | PT |
| 200 1# - Titulo e menção de responsabilidade | |
| Título próprio | A origem da vida |
| Primeira menção de responsabilidade | Ilídio Sardoeira |
| 210 #9 - Publicação | |
| Local de publicação | Lisboa |
| Nome do editor | Cosmos, |
| Data de publicação | imp. 1945 |
| 215 ## - Descrição física | |
| Paginação / Volumes | 210, [2] p. |
| Dimensões | 19 cm |
| 225 2# - Colecção | |
| Título próprio da colecção | Biblioteca Cosmos |
| Indicação de volume | 78-79 |
| Número de parte ou secção | 1.ª seccão. |
| Nome de parte ou secção | Ciências e técnicas |
| Indicação de volume | 41-42 |
| 675 ## - CDU | |
| Notação | 577.1 |
| Edição | BN |
| Língua | por |
| 675 ## - CDU | |
| Notação | 551.1 |
| Edição | BN |
| Língua | por |
| 700 #1 - Autor principal | |
| Apelido | Sardoeira, |
| Nome | Ilídio, |
| Datas | 1915-1987 |
| 801 #0 - Fonte de origem | |
| País | PT |
| Agência | BN |
| Regras de catalogação | RPC |
| 990 ## - Elementos KOHA | |
| Tipo de documento | Livro |
| Aquisição | Empréstimo | Código de barras | Cota | Permissão de empréstimo | Tipo de documento | Nota relativa ao exemplar |
|---|---|---|---|---|---|---|
| Biblioteca Municipal de Redondo | Biblioteca Municipal de Redondo | 056130 | 57 SAR | Consulta presencial | Livro | oferta de Vergílio Ambrósio |